[Event "Steinfurt Bezirksliga 0607"]
[Site "Germany"]
[Date "2006.09.09"]
[Round "1.4"]
[White "Brinkmann, Franz Josef"]
[Black "Korte, Hubert"]
[Result "1-0"]
[WhiteElo "1645"]
[BlackElo "1539"]
[PlyCount "75"]
[EventDate "2006.09.09"]
[EventType "team-tourn"]
[EventRounds "9"]
[EventCountry "GER"]
[SourceTitle "EXT 2008"]
[Source "ChessBase"]
[SourceDate "2007.11.25"]
[SourceVersion "1"]
[SourceVersionDate "2007.11.25"]
[SourceQuality "1"]
[WhiteTeam "Rheine Klein Berlin II"]
[BlackTeam "Ibbenbueren II"]
[WhiteTeamCountry "GER"]
[BlackTeamCountry "GER"]

1. e4 e5 2. Nf3 d6 3. d4 Nd7 4. Bc4 c6 5. dxe5 dxe5 6. 0-0 Be7 7. Be3 Ngf6 8. Nc3 0-0 9. h3 b5 10. Bd3 Qc7 11. Ne2 Nc5 12. Ng3 Rd8 13. Qe2 Nxd3 14. cxd3 h6 15. Rac1 Be6 16. a3 Nd7 17. Nf5 Bf8 18. Nh2 Kh7 19. f4 g6 20. Ng3 f6 21. f5 Bf7 22. fxg6+ Bxg6 23. Nf5 Nb6 24. Ng4 Qf7 25. Nfxh6 Bxh6 26. Bxh6 Rd6 27. Bd2 Rad8 28. Nxe5 Qe6 29. Nxg6 Kxg6 30. Rf5 Rxd3 31. Qh5+ Kg7 32. Bh6+ Kh7 33. Bg5+ Kg7 34. Qh6+ Kg8 35. Qg6+ Kh8 36. Bxf6+ Qxf6 37. Qxf6+ Kg8 38. Rg5+ 1-0

[Event "Steinfurt Bezirksliga 0506"]
[Site "Germany"]
[Date "2006.03.09"]
[Round "7.5"]
[White "Henschen, Daniel"]
[Black "Korte, Hubert"]
[Result "1/2-1/2"]
[WhiteElo "1709"]
[BlackElo "1539"]
[PlyCount "124"]
[EventDate "2005.09.24"]
[EventType "team-tourn"]
[EventRounds "9"]
[EventCountry "GER"]
[SourceTitle "EXT 2006"]
[Source "ChessBase"]
[SourceDate "2005.11.24"]
[SourceVersion "1"]
[SourceVersionDate "2005.11.24"]
[SourceQuality "1"]
[WhiteTeam "Falke Saerbeck II"]
[BlackTeam "Ibbenbueren II"]
[WhiteTeamCountry "GER"]
[BlackTeamCountry "GER"]

1. Nf3 d5 2. g3 Nd7 3. Bg2 e5 4. 0-0 Bd6 5. d3 Ngf6 6. c4 d4 7. e3 c5 8. exd4 cxd4 9. Re1 0-0 10. a3 a5 11. Nbd2 a4 12. b4 axb3 13. Nxb3 Re8 14. Nfd2 Rb8 15. Ne4 Nxe4 16. Bxe4 b6 17. Qf3 Qf6 18. Qg2 Nc5 19. Nxc5 Bxc5 20. Ra2 Qd6 21. f4 f6 22. fxe5 fxe5 23. Bc6 Rf8 24. Qd5+ Qxd5 25. Bxd5+ Kh8 26. Rxe5 Bh3 27. Re1 Rf6 28. Rae2 h6 29. Bf4 Rbf8 30. Be6 Bxe6 31. Rxe6 Rxe6 32. Rxe6 Kh7 33. Kg2 Ra8 34. Kf3 Rxa3 35. Ke4 Ra2 36. h4 h5 37. Bd6 Re2+ 38. Kd5 Re3 39. Bxc5 bxc5 40. Re5 g6 41. Rg5 Rxd3 42. Kxc5 Rd1 43. g4 hxg4 44. Rxg4 d3 45. Rd4 d2 46. Kd5 Rh1 47. Rxd2 Rxh4 48. c5 Rh1 49. Kd6 g5 50. c6 g4 51. c7 Rc1 52. Kd7 Rxc7+ 53. Kxc7 Kg6 54. Kd6 Kf5 55. Kd5 g3 56. Kd4 Kf4 57. Re2 Kf3 58. Re8 g2 59. Rg8 Kf2 60. Rf8+ Ke2 61. Rg8 Kf2 62. Rxg2+ Kxg2 1/2-1/2

[Event "Steinfurt Bezirksliga 0304"]
[Site "Germany"]
[Date "2003.11.22"]
[Round "2.1"]
[White "Korte, Hubert"]
[Black "Hokamp, Sascha"]
[Result "0-1"]
[WhiteElo "1616"]
[BlackElo "1860"]
[PlyCount "102"]
[EventDate "2003.10.18"]
[EventType "team-tourn"]
[EventRounds "9"]
[EventCountry "GER"]
[SourceTitle "EXT 2005"]
[Source "ChessBase"]
[SourceDate "2004.11.15"]
[SourceVersion "1"]
[SourceVersionDate "2004.11.15"]
[SourceQuality "1"]
[WhiteTeam "Ibbenbueren II"]
[BlackTeam "Reckenfeld"]
[WhiteTeamCountry "GER"]
[BlackTeamCountry "GER"]

1. e4 g6 2. d4 d6 3. Bc4 Nf6 4. f3 Bg7 5. Be3 c6 6. Nd2 b5 7. Bb3 0-0 8. a4 Bb7 9. axb5 cxb5 10. Ne2 Nbd7 11. h4 Nb6 12. g4 d5 13. e5 Nfd7 14. h5 Nc4 15. Bxc4 dxc4 16. e6 Nf6 17. exf7+ Rxf7 18. hxg6 hxg6 19. Ng3 Qd6 20. Rh3 e5 21. Nde4 Nxe4 22. Nxe4 Bxe4 23. fxe4 exd4 24. c3 d3 25. Qd2 Qe6 26. Qg2 Re8 27. Rxa7 Rxa7 28. Bxa7 Qxe4+ 29. Qxe4 Rxe4+ 30. Kd2 Rxg4 31. b3 Rg2+ 32. Ke3 Bxc3 33. bxc4 bxc4 34. Rh1 Bf6 35. Kf3 Ra2 36. Be3 c3 37. Rd1 d2 38. Rh1 Kf7 39. Ke2 Ra5 40. Kd3 Rd5+ 41. Ke2 g5 42. Rg1 Ke6 43. Kd1 Kf5 44. Kc2 Ke4 45. Bb6 Rb5 46. Ba7 Rb2+ 47. Kd1 Rb1+ 48. Ke2 Rxg1 49. Bxg1 Bd4 50. Bh2 Be3 51. Bc7 c2 0-1

[Event "Steinfurt Bezirksliga 0203"]
[Site "Germany"]
[Date "2003.04.26"]
[Round "8.1"]
[White "Lachmuth, Mathias"]
[Black "Korte, Hubert"]
[Result "1/2-1/2"]
[WhiteElo "1719"]
[BlackElo "1697"]
[PlyCount "166"]
[EventDate "2002.09.14"]
[EventType "team-tourn"]
[EventRounds "9"]
[EventCountry "GER"]
[SourceTitle "EXT 2004"]
[Source "ChessBase"]
[SourceDate "2003.11.25"]
[SourceVersion "1"]
[SourceVersionDate "2003.11.25"]
[SourceQuality "1"]
[WhiteTeam "Emsdetten Rochade II"]
[BlackTeam "Ibbenbueren II"]
[WhiteTeamCountry "GER"]
[BlackTeamCountry "GER"]

1. Nf3 d5 2. b3 Nf6 3. Bb2 g6 4. e3 Bg7 5. d4 0-0 6. Bd3 b6 7. Nbd2 Bb7 8. Ne5 Nbd7 9. 0-0 Nxe5 10. dxe5 Nd7 11. f4 c5 12. Qg4 e6 13. h4 Qc8 14. Rf3 c4 15. bxc4 dxc4 16. Nxc4 Bxf3 17. Qxf3 Nc5 18. Nd6 Qc7 19. Rc1 a6 20. Ba3 Rfd8 21. Bxc5 bxc5 22. h5 Bf8 23. Ne4 Be7 24. Qh3 Kg7 25. Bc4 Qc6 26. h6+ Kh8 27. Qf3 Rab8 28. Ng5 Qxf3 29. Nxf3 a5 30. a4 Rb4 31. Bb5 Kg8 32. Kf2 Rb2 33. Ke2 Bf8 34. Nd2 Bxh6 35. Nc4 Ra2 36. Nxa5 Bf8 37. Nc4 Be7 38. Nd2 Kf8 39. Nc4 h5 40. Kf3 Kg7 41. Kg3 g5 42. Kf3 g4+ 43. Kg3 Kg6 44. Bc6 Kf5 45. Bb5 h4+ 46. Kh2 Rc8 47. Nd2 Kg6 48. Nc4 Rh8 49. Nd2 Ra3 50. Nc4 Rc3 51. a5 Rb8 52. Nb6 Ra3 53. Bd3+ Kg7 54. Nc4 Ra2 55. Be2 g3+ 56. Kh3 Rb4 57. c3 Rba4 58. Bd3 Kh6 59. Nd6 Bxd6 60. exd6 Rxa5 61. d7 Ra8 62. Kxh4 Rd8 63. Kxg3 Rxd7 64. Be4 Kg7 65. c4 Rdd2 66. Rc3 Kf6 67. Kg4 Ke7 68. f5 e5 69. Kg5 Rf2 70. Rb3 Rab2 71. Ra3 Ra2 72. Rb3 Rfb2 73. Rc3 Rb4 74. Bc6 Ra7 75. Bd5 Rba4 76. Rc2 Ra2 77. Rc1 Ra1 78. Rc2 R7a2 79. Rc3 Ra3 80. Rc2 Rxe3 81. Rb2 f6+ 82. Kg4 Kf8 83. Rb6 Kg7 1/2-1/2